<?xml version="1.0" encoding="UTF-8"?>
<record
    xmlns:xsi="http://www.w3.org/2001/XMLSchema-instance"
    xsi:schemaLocation="http://www.loc.gov/MARC21/slim http://www.loc.gov/standards/marcxml/schema/MARC21slim.xsd"
    xmlns="http://www.loc.gov/MARC21/slim">

  <leader>02348nam a2200253 a 4500</leader>
  <controlfield tag="001">000045912</controlfield>
  <controlfield tag="005">20240710123701.0</controlfield>
  <controlfield tag="008">150527s1996    dr abc  r     000 0 spa d</controlfield>
  <datafield tag="040" ind1=" " ind2=" ">
    <subfield code="a">DO-SdBNP</subfield>
    <subfield code="b">spa</subfield>
    <subfield code="c">BNPHU</subfield>
  </datafield>
  <datafield tag="082" ind1=" " ind2=" ">
    <subfield code="a">972.93</subfield>
    <subfield code="b">M385m, 1996</subfield>
  </datafield>
  <datafield tag="100" ind1="1" ind2=" ">
    <subfield code="a">Mart&#xED;nez Almanzar, Juan Francisco</subfield>
    <subfield code="d">1950 -</subfield>
    <subfield code="9">10459</subfield>
  </datafield>
  <datafield tag="245" ind1="1" ind2="0">
    <subfield code="a">Manual de historia cr&#xED;tica dominicana /</subfield>
    <subfield code="c">Juan Francisco Mart&#xED;nez Alm&#xE1;nzar.</subfield>
  </datafield>
  <datafield tag="250" ind1=" " ind2=" ">
    <subfield code="a">6a ed.</subfield>
  </datafield>
  <datafield tag="260" ind1=" " ind2=" ">
    <subfield code="a">Santo Domingo :</subfield>
    <subfield code="b">CAIS,</subfield>
    <subfield code="c">1996.</subfield>
  </datafield>
  <datafield tag="300" ind1=" " ind2=" ">
    <subfield code="a">584 p. :30 :</subfield>
    <subfield code="b">il., mapas, retrs. ;</subfield>
    <subfield code="c">21 cm.</subfield>
  </datafield>
  <datafield tag="500" ind1=" " ind2=" ">
    <subfield code="a">Incluye datos biogr&#xE1;ficos del autor en la contracubierta.</subfield>
  </datafield>
  <datafield tag="504" ind1=" " ind2=" ">
    <subfield code="a">Bibliograf&#xED;a : p. 577-582</subfield>
  </datafield>
  <datafield tag="505" ind1="0" ind2=" ">
    <subfield code="a">Prehistoria e historia --</subfield>
    <subfield code="t">Situaci&#xF3;n de Europa del descubrimiento --</subfield>
    <subfield code="t">La sociedad aborigen --</subfield>
    <subfield code="t">El descubrimiento de Am&#xE9;rica --</subfield>
    <subfield code="t">Conquista y colonizaci&#xF3;n --</subfield>
    <subfield code="t">Col&#xF3;n y la anulaci&#xF3;n de las capitulaciones de Santa Fe --</subfield>
    <subfield code="t">El regimen de las encomiendas --</subfield>
    <subfield code="t">Inicio de la industria azucarera --</subfield>
    <subfield code="t">La Espa&#xF1;ola de 1520 a 1550 --</subfield>
    <subfield code="t">La Espa&#xF1;ola en la segunda mitad del siglo XVI --</subfield>
    <subfield code="t">La Isla de Santo Domingo en el siglo XVII --</subfield>
    <subfield code="t">La Isla de Santo Domingo en el siglo XVIII --</subfield>
    <subfield code="t">La revoluci&#xF3;n haitiana --</subfield>
    <subfield code="t">La dominaci&#xF3;n francesa y espa&#xF1;ola a principios del siglo XIX --</subfield>
    <subfield code="t">Unificaci&#xF3;n pol&#xED;tica de la Isla y separaci&#xF3;n --</subfield>
    <subfield code="t">Los inicios de la primera Rep&#xFA;blica --</subfield>
    <subfield code="t">El caudillismo y la situaci&#xF3;n de la naciente Rep&#xFA;blica durante su primer per&#xED;odo (1844-1861) --</subfield>
    <subfield code="t">Anexi&#xF3;n y guerra de restauraci&#xF3;n --</subfield>
    <subfield code="t">Los primeros a&#xF1;os de la Segunda Rep&#xFA;blica --</subfield>
    <subfield code="t">Agudizaci&#xF3;n de la crisis --</subfield>
    <subfield code="t">Los liberales en el poder --</subfield>
    <subfield code="t">La dictadura de Ulises Heureaux --</subfield>
    <subfield code="t">Los nuevos caudillos a principio de siglo --</subfield>
    <subfield code="t">Desarrollo y violencia en el pa&#xED;s --</subfield>
    <subfield code="t">Ocupaci&#xF3;n militar norteamericana --</subfield>
    <subfield code="t">La Rep&#xFA;blica Dominicana 1924-1930 --</subfield>
    <subfield code="t">Los primeros diez a&#xF1;os de dictadura --</subfield>
    <subfield code="t">El per&#xED;odo de 1940-1950 --</subfield>
    <subfield code="t">La dictadura trujillista per&#xED;odo 1950-1961 --</subfield>
    <subfield code="t">Inicio de la democracia (1961-1963) --</subfield>
    <subfield code="t">Revoluci&#xF3;n e intervenci&#xF3;n en 1965 --</subfield>
    <subfield code="t">El gobierno de los Doce A&#xF1;os --</subfield>
    <subfield code="t">Breve cronolog&#xED;a de 1978 a 1996 --</subfield>
  </datafield>
  <datafield tag="590" ind1=" " ind2=" ">
    <subfield code="a">Inventariado, 2019/BT</subfield>
  </datafield>
  <datafield tag="651" ind1=" " ind2="4">
    <subfield code="a">Rep&#xFA;blica Dominicana</subfield>
    <subfield code="x">Historia</subfield>
    <subfield code="9">170</subfield>
  </datafield>
  <datafield tag="651" ind1=" " ind2="4">
    <subfield code="a">Isla Hispaniola (Hait&#xED; Y Rep&#xFA;blica Dominicana{Rpara}</subfield>
    <subfield code="x">Historia</subfield>
    <subfield code="9">73982</subfield>
  </datafield>
  <datafield tag="710" ind1="2" ind2="2">
    <subfield code="a">Centro de Adiestramiento e Investigaci&#xF3;n Social (Rep&#xFA;blica Dominicana)</subfield>
    <subfield code="9">46052</subfield>
  </datafield>
  <datafield tag="910" ind1=" " ind2=" ">
    <subfield code="a">Validado. Control de calidad. MFF</subfield>
  </datafield>
  <datafield tag="952" ind1=" " ind2=" ">
    <subfield code="0">0</subfield>
    <subfield code="1">0</subfield>
    <subfield code="7">1</subfield>
    <subfield code="8">PD</subfield>
    <subfield code="a">PD</subfield>
    <subfield code="b">PD</subfield>
    <subfield code="c">HD</subfield>
    <subfield code="d">2015-06-01</subfield>
    <subfield code="i">LF1</subfield>
    <subfield code="l">0</subfield>
    <subfield code="o">972.93 M385m, 1996</subfield>
    <subfield code="p">45912-10</subfield>
    <subfield code="r">2020-06-25</subfield>
    <subfield code="w">2020-06-25</subfield>
    <subfield code="y">LFPD</subfield>
    <subfield code="Z">No se presta</subfield>
  </datafield>
  <datafield tag="952" ind1=" " ind2=" ">
    <subfield code="0">0</subfield>
    <subfield code="1">0</subfield>
    <subfield code="7">1</subfield>
    <subfield code="8">PD</subfield>
    <subfield code="a">PD</subfield>
    <subfield code="b">PD</subfield>
    <subfield code="c">HD</subfield>
    <subfield code="d">2019-05-23</subfield>
    <subfield code="i">LF1</subfield>
    <subfield code="l">0</subfield>
    <subfield code="o">972.93 M385m, 1996</subfield>
    <subfield code="p">45912-20</subfield>
    <subfield code="r">2020-06-25</subfield>
    <subfield code="t">e. 2</subfield>
    <subfield code="w">2020-06-25</subfield>
    <subfield code="y">LFPD</subfield>
    <subfield code="z">Perteneci&#xF3; a la biblioteca personal de Ivan Otten Walder.</subfield>
    <subfield code="Z">No se presta</subfield>
  </datafield>
  <datafield tag="999" ind1=" " ind2=" ">
    <subfield code="c">45401</subfield>
    <subfield code="d">45401</subfield>
  </datafield>
</record>
